[Event "Eq:Angolana Scacchi-Slap Shot Mates : "]
[Site "www.chess-mail.com"]
[Date "2015.11.13"]
[Round "1"]
[White "Witpar"]
[Black "Raulazo"]
[WhiteElo "2620"]
[BlackElo "1830"]
[Result "1-0"]
[Round "1"]
1.d4 d5
2.c4 Ng8f6
3.cxd5 Qd8xd5
4.Nb1c3 Qd5a5
5.Ng1f3 g6
6.Bc1d2 b5
7.b4 Qa5xb4
8.e4 Bc8d7
9.Nc3xb5 Qb4b2
10.Nb5xc7 Kd8
11.Nc7xa8 Qb2b7
12.Bd2a5 Ke8
13.Na8c7 Kd8
14.d5 Kc8
15.Ra1b1 Qb7xc7
16.Ba5xc7 Kxc7
17.Qd1d4 Kd8
18.Rb1xb8 Kc7
19.Qd4e5 { resign }
1-0

[Event "Fast Game"]
[Site "www.echecsemail.com"]
[Date "2015.11.13"]
[Round "1"]
[White "Maredocla"]
[Black "Mitja"]
[WhiteElo "1779"]
[BlackElo "1740"]
[Result "1-0"]
[Round "1"]
1.f4 d5
2.Ng1f3 e6
3.b3 Ng8f6
4.Bc1b2 Bf8e7
5.e3 a6
6.Bf1e2 Nb8c6
7.O-O Be7c5
8.Nf3e5 Bc8d7
9.Ne5xd7 Qd8xd7
10.Bb2xf6 gxf6
11.d4 Bc5a7
12.c4 dxc4
13.Be2xc4 f5
14.Nb1d2 O-O-O
15.Nd2f3 Qd7e7
16.Qd1e2 Nc6b8
17.Ra1c1 h5
18.Nf3g5 h4
19.h3 Rd8g8
20.Rf1d1 Rg8g6
21.d5 exd5
22.Bc4xd5 Qe7xe3
23.Qe2xe3 Ba7xe3
24.Kh2 Be3xf4
25.Kh1 Bf4xc1
26.Ng5xf7 Rh8e8
27.Rd1xc1 Re8e7
28.a4 Re7d7
29.Nf7e5 Rd7xd5
30.Ne5xg6 Rd5d4
31.Ng6e7 Kd8
32.Ne7xf5 Rd4d3
33.b4 Rd3b3
34.Rc1d1 Nb8d7
35.Rd1d4 Rb3b1
36.Kh2 Kc8
37.Rd4xh4 c6
38.Rh4f4 b6
39.h4 Rb1e1
40.h5 Re1e6
41.h6 Nd7f6
42.Rf4h4 Nf6h7
43.Kg3 Re6g6
44.Kf3 Kd7
45.g4 Rg6g8
46.Kf4 Nh7f8
47.Rh4h1 Nf8h7
48.Rh1g1 Ke6
49.Nf5g7 Ke7
50.Kf5 Nh7f6
51.g5 Nf6e8
52.Rg1e1 Kd7
53.Ng7xe8 { resign }
1-0

[Event "Tourn. n8469"]
[Site "www.chess-mail.com"]
[Date "2015.11.14"]
[Round "1"]
[White "Norlavuaram"]
[Black "Mitja"]
[WhiteElo "2300"]
[BlackElo "2000"]
[Result "1-0"]
[Round "1"]
1.e4 d5
2.exd5 Qd8xd5
3.Nb1c3 Qd5d8
4.Ng1f3 e6
5.g3 c6
6.Bf1g2 Nb8d7
7.O-O Nd7b6
8.d3 h6
9.Bc1d2 Ng8f6
10.Qd1e2 Bf8e7
11.a3 O-O
12.Ra1e1 Rf8e8
13.Kh1 Nb6d5
14.Nf3e5 Qd8c7
15.f4 Nd5xc3
16.Bd2xc3 Be7c5
17.b4 Bc5b6
18.Bc3b2 a6
19.c4 Bb6a7
20.d4 Bc8d7
21.Re1c1 Ra8c8
22.Rf1d1 Re8d8
23.d5 cxd5
24.cxd5 Qc7b8
25.dxe6 Bd7xe6
26.Rd1xd8 Rc8xd8
27.h3 Rd8c8
28.Rc1xc8 Qb8xc8
29.g4 b5
30.Ne5c6 Ba7b6
31.Nc6e7 { resign }
1-0

[Event "Tourn. n8468"]
[Site "www.chess-mail.com"]
[Date "2015.11.14"]
[Round "1"]
[White "Louis"]
[Black "Raven16"]
[WhiteElo "1830"]
[BlackElo "1839"]
[Result "1-0"]
[Round "1"]
1.d4 Ng8f6
2.c4 g6
3.Nb1c3 Bf8g7
4.g3 d5
5.cxd5 Nf6xd5
6.Bf1g2 Nd5xc3
7.bxc3 c5
8.e3 Nb8c6
9.Ng1e2 O-O
10.O-O cxd4
11.cxd4 Qd8c7
12.Ra1b1 Rf8d8
13.Qd1b3 b6
14.Qb3c2 Qc7d6
15.Qc2xc6 { resign }
1-0

[Event "Tourn. n8451"]
[Site "www.chess-mail.com"]
[Date "2015.11.14"]
[Round "1"]
[White "Dulap"]
[Black "Louis"]
[WhiteElo "1619"]
[BlackElo "1790"]
[Result "0-1"]
[Round "1"]
1.e4 e5
2.Ng1f3 Nb8c6
3.Bf1c4 Ng8f6
4.Nb1c3 Nf6xe4
5.O-O Ne4xc3
6.dxc3 Bf8e7
7.Rf1e1 d6
8.h3 O-O
9.Bc1e3 Kh8
10.Qd1e2 f5
11.Ra1d1 a6
12.Bc4d5 Bc8d7
13.Bd5xc6 bxc6
14.c4 Be7f6
15.c3 c5
16.Qe2c2 a5
17.a3 f4
18.Be3c1 Ra8b8
19.Nf3d2 Bf6e7
20.Nd2e4 f3
21.g4 Qd8e8
22.Qc2d3 Bd7a4
23.Rd1d2 h5
24.Re1e3 hxg4
25.hxg4 Qe8f7
26.Ne4g3 Qf7f4
27.Ng3f5 Qf4xg4
28.Nf5g3 Be7g5
{ resign }
0-1

[Event "Tourn. n8440"]
[Site "www.chess-mail.com"]
[Date "2015.11.14"]
[Round "1"]
[White "Cardiff"]
[Black "Maredocla"]
[WhiteElo "1790"]
[BlackElo "2030"]
[Result "0-1"]
[Round "1"]
1.d4 c5
2.d5 Ng8f6
3.c4 g6
4.Nb1c3 Bf8g7
5.e4 d6
6.Ng1f3 Bc8g4
7.Bf1e2 Nb8d7
8.O-O Nd7b6
9.Be2d3 Qd8c8
10.Rf1e1 O-O
11.h3 Bg4d7
12.Bd3f1 a6
13.Qd1c2 Rf8e8
14.Bc1g5 h6
15.Bg5e3 e6
16.Qc2d2 exd5
17.exd5 Bd7f5
18.Be3xh6 Nf6e4
19.Nc3xe4 Bf5xe4
20.Bh6xg7 Kxg7
21.Qd2c3 Kg8
22.Nf3g5 Be4f5
23.Re1xe8 Qc8xe8
24.b3 Qe8d8
25.Qc3e3 Qd8f6
26.Ra1e1 Kg7
27.g4 Bf5d7
28.Qe3e7 Ra8e8
29.Qe7xf6 Kxf6
30.Ng5e4 Ke7
31.Ne4xc5 Kf8
32.Nc5xb7 Re8xe1
{ resign }
0-1

[Event "Tourn. n8421"]
[Site "www.chess-mail.com"]
[Date "2015.11.14"]
[Round "1"]
[White "Julian"]
[Black "Cardiff"]
[WhiteElo "1770"]
[BlackElo "1780"]
[Result "0-1"]
[Round "1"]
1.e4 c6
2.d4 d5
3.e5 Bc8f5
4.Nb1d2 e6
5.g4 Bf5g6
6.h4 h5
7.g5 Nb8d7
8.Nd2f3 c5
9.c3 cxd4
10.cxd4 Bf8b4
11.Bc1d2 Qd8a5
12.Bd2xb4 Qa5xb4
13.Qd1d2 Qb4xd2
14.Kxd2 Ra8c8
15.Bf1b5 Ng8e7
16.Ng1e2 Bg6e4
17.Rh1h3 a6
18.Bb5xd7 Kxd7
19.Ne2c3 Be4xf3
20.Rh3xf3 Ne7f5
21.Nc3e2 Ke7
22.Ra1c1 Rc8xc1
23.Kxc1 Nf5xh4
24.Rf3c3 Kd7
25.f4 Nh4f5
26.b4 h4
27.Kd2 h3
{ resign }
0-1

[Event "Tourn. n8469"]
[Site "www.chess-mail.com"]
[Date "2015.11.14"]
[Round "1"]
[White "Norlavuaram"]
[Black "Umzi"]
[WhiteElo "2280"]
[BlackElo "2200"]
[Result "1/2-1/2"]
[Round "1"]
1.e4 d5
2.exd5 Qd8xd5
3.Nb1c3 Qd5a5
4.Ng1f3 Ng8f6
5.Bf1c4 Bc8g4
6.O-O c6
7.d4 e6
8.Bc1f4 Nb8d7
9.Qd1d3 Bg4xf3
10.Qd3xf3 Bf8e7
11.Ra1d1 Qa5h5
12.Qf3xh5 Nf6xh5
13.Bf4e3 Nh5f6
14.h3 Nf6d5
15.Nc3xd5 exd5
16.Bc4e2 O-O
17.b3 Nd7f6
18.c4 Nf6e4
19.Be2d3 Ne4f6
20.Be3c1 Ra8d8
21.Bd3b1 h6
22.Rf1e1 Be7b4
23.Re1e2 Rf8e8
24.Kf1 Nf6e4
25.Bc1b2 Ne4c3
26.Bb2xc3 Bb4xc3
27.Re2c2 Bc3a5
28.Rc2c1 dxc4
29.bxc4 b6
30.d5 cxd5
31.cxd5 Rd8d6
32.Bb1c2 Ba5b4
{ draw }
1/2-1/2

[Event "Tourn. n8409"]
[Site "www.chess-mail.com"]
[Date "2015.11.14"]
[Round "1"]
[White "Gatrooper"]
[Black "Emiondi"]
[WhiteElo "1620"]
[BlackElo "1499"]
[Result "0-1"]
[Round "1"]
1.e4 e5
2.a3 Ng8f6
3.Nb1c3 Nb8c6
4.Ng1f3 d5
5.exd5 Nf6xd5
6.Nc3xd5 Qd8xd5
7.d3 Bf8e7
8.h3 O-O
9.c4 Qd5d6
10.Bc1d2 a5
11.Bf1e2 Nc6d4
12.Nf3xd4 exd4
13.Qd1c2 Qd6g6
14.O-O-O Bc8d7
15.Qc2b1 c5
16.Be2f3 Bd7c6
17.Bf3xc6 Qg6xc6
18.f3 b5
19.cxb5 Qc6xb5
20.Qb1c2 Rf8c8
21.Rd1e1 c4
22.dxc4 Rc8xc4
23.Bd2c3 dxc3
24.bxc3 Be7xa3
25.Kd1 Ra8d8
26.Ke2 Rc4xc3
27.Kf2 Rc3xc2
28.Kg1 Qb5c5
29.Kh2 Qc5f2
30.Rh1g1 Ba3d6
31.Kh1 Qf2g3
32.f4 Bd6xf4
33.Re1e8 Rd8xe8
34.Rg1f1 Qg3h2
{ resign }
0-1

[Event "Tourn. n8475"]
[Site "www.chess-mail.com"]
[Date "2015.11.14"]
[Round "1"]
[White "Ericleo1980"]
[Black "Gmscalpel"]
[WhiteElo "2280"]
[BlackElo "2050"]
[Result "1-0"]
[Round "1"]
1.e4 c5
2.Ng1f3 d6
3.d4 cxd4
4.Nf3xd4 Ng8f6
5.Nb1c3 a6
6.Bc1e3 e5
7.Nd4b3 Nb8d7
8.f3 Bf8e7
9.g4 b5
10.g5 Ra8a7
11.Be3xa7 Nf6g4
12.fxg4 a5
13.Bf1xb5 a4
14.Bb5xa4 Bc8a6
15.h4 h6
16.Ba4xd7 Qd8xd7
17.Ba7e3 f6
18.g6 Ba6d3
19.Qd1xd3 Qd7xg4
20.Qd3b5 Qg4d7
21.Qb5xd7 Kxd7
22.h5 f5
23.exf5 Be7g5
24.Ke2 Bg5f6
25.a4 e4
26.Be3d4 Bf6e5
27.a5 Be5xd4
28.Nb3xd4 d5
29.Nc3xd5 Rh8e8
30.a6 Kd6
31.Nd5f4 Ke5
32.Ke3 Re8d8
33.Nd4c6 Kd6
34.Nc6xd8 Ke5
35.Ra1d1 Kf6
36.Rd1d6 Kg5
37.Kxe4 Kg4
38.Rh1g1 Kh4
39.Nf4e6 Kxh5
40.Rd6d2 Kh4
41.Rd2h2 { resign }
1-0

[Event "Tourn. n8419"]
[Site "www.chess-mail.com"]
[Date "2015.11.14"]
[Round "1"]
[White "Norlavuaram"]
[Black "Xkafi"]
[WhiteElo "2180"]
[BlackElo "2000"]
[Result "1-0"]
[Round "1"]
1.e4 e5
2.Ng1f3 Ng8f6
3.Nf3xe5 Nf6xe4
4.d4 d5
5.Bf1d3 Qd8f6
6.O-O Nb8c6
7.Ne5xc6 Qf6xc6
8.c4 Bf8e7
9.cxd5 Qc6xd5
10.Nb1c3 Ne4xc3
11.bxc3 Be7d6
12.Rf1e1 Bc8e6
13.Bd3e4 Qd5c4
14.Bc1d2 c6
15.Qd1c2 O-O-O
16.Ra1b1 Rh8e8
17.a4 Bd6c7
18.Rb1b4 Qc4a6
19.Re1b1 Bc7b6
20.Be4d3 Qa6a5
21.h3 Re8e7
22.Bd2e3 Qa5d5
23.c4 Qd5d7
24.c5 Bb6c7
25.Rb4xb7 Qd7e8
26.Bd3a6 Rd8d5
27.Rb7b8 { resign }
1-0

[Event "Tourn. n8453"]
[Site "www.chess-mail.com"]
[Date "2015.11.14"]
[Round "1"]
[White "Attatroll"]
[Black "Cardiff"]
[WhiteElo "1930"]
[BlackElo "1840"]
[Result "0-1"]
[Round "1"]
1.d4 d5
2.c4 c6
3.Ng1f3 Ng8f6
4.e3 e6
5.c5 b6
6.b4 a5
7.cxb6 Bf8xb4
8.Bc1d2 Qd8xb6
9.Bf1e2 Bc8a6
10.Be2xa6 Nb8xa6
11.O-O Nf6e4
12.Bd2xb4 axb4
13.Nb1d2 Ne4c3
14.Qd1c2 O-O
15.a3 c5
16.dxc5 Qb6xc5
17.Nd2b3 Qc5c4
18.axb4 Nc3e2
{ resign }
0-1

[Event "Tourn. n8452"]
[Site "www.chess-mail.com"]
[Date "2015.11.14"]
[Round "1"]
[White "Lino"]
[Black "Cathar"]
[WhiteElo "2249"]
[BlackElo "2270"]
[Result "0-1"]
[Round "1"]
1.e4 e6
2.d4 d5
3.Nb1c3 Bf8b4
4.e5 c5
5.a3 Bb4xc3
6.bxc3 Ng8e7
7.Qd1g4 O-O
8.Bf1d3 f5
9.Qg4h3 b6
 { time }
0-1

[Event "Tourn. n8459"]
[Site "www.chess-mail.com"]
[Date "2015.11.14"]
[Round "1"]
[White "Amaya"]
[Black "Norlavuaram"]
[WhiteElo "2050"]
[BlackElo "2260"]
[Result "0-1"]
[Round "1"]
1.d4 Ng8f6
2.e3 g6
3.Bf1d3 Bf8g7
4.Nb1d2 O-O
5.f4 b6
6.Ng1f3 Bc8b7
7.O-O d6
8.c3 Nb8d7
9.a3 c5
10.Qd1e2 Qd8c7
11.Qe2f2 Nf6g4
12.Qf2e2 e5
13.fxe5 dxe5
14.Nf3g5 Ng4h6
15.Ng5e4 exd4
16.exd4 cxd4
17.cxd4 Ra8e8
18.Qe2f2 Nh6f5
19.Ne4g5 Bg7xd4
20.Bd3xf5 Bd4xf2
21.Rf1xf2 Re8e1
22.Nd2f1 Re1xc1
23.Ra1xc1 Qc7xc1
24.Bf5xd7 Qc1xg5
25.Nf1g3 Rf8d8
{ resign }
0-1

[Event "Match"]
[Site "www.echecsemail.com"]
[Date "2015.11.14"]
[Round "1"]
[White "Marandlen"]
[Black "Farnation"]
[WhiteElo "1630"]
[BlackElo "1270"]
[Result "1-0"]
[Round "1"]
1.e4 e5
2.Ng1f3 Nb8c6
3.Nb1c3 Ng8f6
4.d4 exd4
5.Nf3xd4 Bf8c5
6.Bc1e3 Nc6b4
7.a3 Nb4c6
8.Nd4xc6 bxc6
9.Be3xc5 d6
10.Bc5e3 O-O
11.Bf1e2 d5
12.e5 Nf6d7
13.Qd1d4 c5
14.Qd4xd5 Nd7b6
15.Qd5xd8 Rf8xd8
16.Be3xc5 Rd8e8
17.f4 Nb6d7
18.Bc5f2 f5
19.O-O c5
20.Ra1d1 c4
21.Be2xc4 Kf8
22.Nc3d5 g5
23.Nd5c7 Ra8b8
24.Nc7xe8 Kxe8
25.b3 gxf4
26.Bf2d4 a5
27.Rd1e1 a4
28.Rf1xf4 axb3
29.cxb3 Rb8a8
30.e6 Nd7f8
31.e7 Nf8g6
32.Bc4b5 Bc8d7
33.Bb5xd7 Kxd7
34.e8Q Ra8xe8
35.Re1xe8 Kxe8
36.Rf4xf5 Ng6h4
37.Rf5c5 { resign }
1-0

[Event "Match"]
[Site "www.echecsemail.com"]
[Date "2015.11.14"]
[Round "1"]
[White "Castletyme"]
[Black "Carazo"]
[WhiteElo "1890"]
[BlackElo "1599"]
[Result "1-0"]
[Round "1"]
1.e4 e5
2.Ng1f3 Nb8c6
3.Bf1b5 Nc6d4
4.Nf3xd4 exd4
5.d3 Qd8e7
6.O-O c6
7.Bb5a4 Qe7e6
8.Nb1d2 Ng8f6
9.Nd2f3 h6
10.Nf3xd4 Qe6e5
11.Nd4f3 Qe5a5
12.Ba4b3 d5
13.exd5 Bf8e7
14.dxc6 bxc6
15.Rf1e1 Nf6d5
16.Bb3xd5 Qa5xd5
17.Re1e5 Qd5d6
18.d4 O-O
19.Bc1f4 Qd6f6
20.Bf4g3 Be7d6
21.Re5e4 Bc8f5
22.Re4e3 Bd6xg3
23.fxg3 Ra8d8
24.c3 Bf5g4
25.Qd1d3 Bg4f5
26.Qd3f1 Rd8b8
27.b3 h5
28.Nf3h4 g6
29.Nh4xf5 gxf5
30.Re3e5 Rb8e8
31.Re5xe8 Rf8xe8
32.Ra1e1 Re8b8
33.Qf1f3 Qf6g5
34.Qf3f4 Qg5xf4
35.gxf4 a5
36.Re1e5 Rb8a8
37.Re5xf5 h4
38.Rf5h5 Ra8e8
39.Kf2 h3
40.Rh5xh3 Re8e4
41.Kf3 Re4e1
42.Rh3h6 Re1a1
43.Rh6xc6 Ra1xa2
44.d5 Kf8
45.d6 Ra2d2
46.Rc6a6 Rd2d3
47.Ke4 Rd3xc3
48.Ra6xa5 Ke8
49.Ra5b5 Kd7
50.Ke5 Rc3e3
51.Kd5 Re3d3
52.Ke5 Rd3e3
53.Kf5 Kxd6
54.Rb5b7 f6
55.Kxf6 Re3e6
56.Kg5 Re6e2
57.g4 Re2xh2
58.f5 Rh2f2
59.Kg6 Rf2g2
60.g5 Rg2f2
61.Kf6 Kd5
62.Kg6 Ke5
63.f6 Ke6
64.Kg7 Rf2g2
65.g6 Rg2f2
66.Rb7b6 Kd7
67.f7 Ke7
68.Rb6b7 Ke6
69.f8Q Rf2xf8
70.Kxf8 { resign }
1-0

[Event "Match"]
[Site "www.echecsemail.com"]
[Date "2015.11.14"]
[Round "1"]
[White "Farnation"]
[Black "Billyg"]
[WhiteElo "1220"]
[BlackElo "1640"]
[Result "0-1"]
[Round "1"]
1.e4 e5
2.Ng1f3 d6
3.Bf1c4 Bc8d7
4.O-O Ng8f6
5.Nf3g5 Bd7e6
6.Bc4b5 c6
7.Bb5d3 d5
8.exd5 cxd5
9.Rf1e1 e4
10.Bd3b5 Be6d7
11.Nb1c3 Bd7xb5
12.Nc3xb5 Bf8e7
13.f3 O-O
14.fxe4 h6
15.Ng5h3 Qd8b6
16.Nb5d4 Qb6xd4
17.Nh3f2 Nf6xe4
18.Qd1e2 Be7c5
19.Re1f1 Rf8e8
20.Kh1 Ne4g3
21.hxg3 Re8xe2
22.c3 Qd4f6
23.d4 Bc5d6
24.g4 Re2xf2
25.Rf1xf2 Qf6h4
26.Kg1 Qh4h2
27.Kf1 Nb8c6
28.c4 dxc4
29.d5 Nc6e5
30.Bc1f4 Qh2h1
31.Ke2 Qh1xa1
32.Rf2f1 Qa1xb2
33.Ke1 Ne5d3
34.Kd1 Bd6xf4
35.Rf1xf4 c3
36.d6 Qb2d2
{ resign }
0-1

[Event "Match"]
[Site "www.echecsemail.com"]
[Date "2015.11.14"]
[Round "1"]
[White "Santifx"]
[Black "Carlosto"]
[WhiteElo "1759"]
[BlackElo "1630"]
[Result "1-0"]
[Round "1"]
1.e4 e5
2.Ng1f3 d6
3.d4 Nb8c6
4.Bf1b5 a6
5.Bb5c4 Ng8f6
6.Nf3g5 Bc8g4
7.f3 Bg4h5
8.g4 h6
9.gxh5 hxg5
10.d5 Nc6d4
11.c3 Nd4b5
12.a4 Nb5a7
13.Bc1xg5 Bf8e7
14.h6 gxh6
15.Bg5e3 Rh8g8
16.Qd1b3 b5
17.axb5 Ra8b8
18.Be3xa7 Rb8b7
19.Ra1xa6 Rb7b6
20.Ba7xb6 cxb6
21.Qb3a4 Nf6h5
22.Ra6a8 { resign }
1-0

[Event "Match"]
[Site "www.echecsemail.com"]
[Date "2015.11.14"]
[Round "1"]
[White "Krystek23"]
[Black "Fabos12"]
[WhiteElo "2400"]
[BlackElo "1670"]
[Result "1-0"]
[Round "1"]
1.c4 Ng8f6
2.Nb1c3 d5
3.cxd5 Nf6xd5
4.e4 Nd5xc3
5.bxc3 Nb8c6
6.Ng1f3 g6
7.d4 Bf8g7
8.Bf1e2 O-O
9.Bc1e3 Bc8g4
10.h3 Bg4xf3
11.Be2xf3 Nc6a5
12.Bf3e2 f5
13.exf5 Rf8xf5
14.Be2g4 Rf5f8
15.O-O Na5c4
16.Bg4e6 Kh8
17.Be6xc4 Qd8d7
18.Qd1b3 b6
19.Ra1e1 a5
20.Qb3b5 Qd7xb5
21.Bc4xb5 Ra8c8
22.Bb5c6 e5
23.d5 e4
24.Be3d4  { time }
1-0

[Event "Match"]
[Site "www.echecsemail.com"]
[Date "2015.11.14"]
[Round "1"]
[White "Pariolinius"]
[Black "Chtoubidou"]
[WhiteElo "1940"]
[BlackElo "1950"]
[Result "1-0"]
[Round "1"]
1.d4 d5
2.Ng1f3 c5
3.e3 Bc8f5
4.Nb1d2 e6
5.Bf1e2 Nb8c6
6.c3 Ng8f6
7.O-O Bf8d6
8.Be2b5 O-O
9.dxc5 Bd6xc5
10.Nd2b3 Bc5b6
11.Rf1e1 a6
12.Bb5e2 Qd8c7
13.Nb3d4 Bf5g6
14.Bc1d2 Ra8c8
15.Ra1c1 Bb6c5
16.Nd4b3 Bc5d6
17.Nb3d4 b5
18.b3 Qc7b7
19.Nd4xc6 Rc8xc6
20.Nf3d4 Rc6c7
21.Be2f3 Rf8d8
22.Bf3e2 e5
23.Nd4c2 b4
24.Nc2xb4 Bd6xb4
25.cxb4 Rd8c8
26.Rc1xc7 Rc8xc7
27.Be2f3 Bg6c2
28.Qd1a1 e4
29.Bf3e2 Nf6d7
30.Re1c1 Qb7c8
31.Be2d1 Bc2d3
32.Rc1xc7 Qc8xc7
33.Qa1c1 Qc7xc1
34.Bd2xc1 Nd7b6
35.Bc1b2 f6
36.Bb2d4 Nb6d7
37.a3 Nd7b8
38.f3 f5
39.f4 Nb8c6
40.Bd4c5 Kf7
41.Kf2 Ke6
42.g3 h6
43.Ke1 g5
44.Kd2 g4
45.Kc3 h5
46.a4 Bd3f1
47.Kd2 Bf1d3
48.Bd1e2 Bd3xe2
49.Kxe2 { resign }
1-0

[Event "Match"]
[Site "www.echecsemail.com"]
[Date "2015.11.14"]
[Round "1"]
[White "Irene"]
[Black "Azorau"]
[WhiteElo "2000"]
[BlackElo "1920"]
[Result "1-0"]
[Round "1"]
1.d4 d5
2.g3 Nb8c6
3.Nb1c3 Ng8f6
4.Bf1g2 b6
5.e3 Bc8g4
6.Ng1e2 g6
7.Qd1d3 Nc6b4
8.Qd3b5 Nb4c6
9.Qb5xc6 Nf6d7
10.Qc6xd5 Bg4e6
11.Qd5xa8 Nd7b8
12.Nc3b5 Bf8g7
13.Bg2c6 Be6d7
14.Bc6xd7 Kxd7
15.Nb5xa7 Ke8
16.Na7c6 Nb8xc6
17.Qa8xc6 Kf8
18.Ne2f4 h5
19.Nf4d5 Qd8c8
20.Qc6xc7 Qc8e8
21.b3 Bg7f6
22.Nd5xf6 exf6
23.Bc1a3 Kg7
24.Qc7xb6 Qe8a8
25.O-O Qa8xa3
26.c4 h4
27.d5 Rh8a8
28.d6 Ra8a6
29.Qb6b8 Ra6xd6
30.Rf1c1 h3
31.c5 Rd6d2
32.Qb8f4 Qa3a8
33.e4 Rd2d4
34.Rc1c4 g5
35.Qf4f5 Qa8xa2
36.Rc4c1 Qa2e2
37.Rc1e1 Qe2d2
38.Qf5xh3 Qd2c3
39.Kf1 Qc3xc5
40.Ra1a8 Qc5b5
41.Kg1 { resign }
1-0

[Event "Match"]
[Site "www.echecsemail.com"]
[Date "2015.11.14"]
[Round "1"]
[White "Lyko"]
[Black "Crush"]
[WhiteElo "1499"]
[BlackElo "1570"]
[Result "1-0"]
[Round "1"]
1.d4 d5
2.c4 Ng8f6
3.g3 Bc8f5
4.Bf1g2 e6
5.Nb1c3 Bf8b4
6.Bc1d2 O-O
7.cxd5 exd5
8.Nc3xd5 Nf6xd5
9.e4 Bf5e6
10.exd5 Be6xd5
11.Ng1f3 Bb4xd2
12.Qd1xd2 Nb8c6
13.O-O Qd8e7
14.Rf1e1 Qe7f6
15.Nf3e5 Nc6xe5
16.dxe5 Qf6f5
17.Bg2xd5 Ra8d8
18.Ra1d1 c6
19.Bd5xf7 Rf8xf7
20.Qd2xd8 Rf7f8
21.Qd8c7 Qf5xf2
22.Kh1 h5
23.e6 Qf2xb2
24.e7 Rf8e8
25.Rd1d8 Re8xd8
26.exd8Q Kh7
27.Qd8d3 Kh6
28.Re1e6 Kg5
29.Qd3g6 
1-0

[Event "Eq:Clubul Central de Sah-Good team : "]
[Site "www.chess-mail.com"]
[Date "2015.11.14"]
[Round "1"]
[White "Rocadamare"]
[Black "Andychesston"]
[WhiteElo "2640"]
[BlackElo "2020"]
[Result "1-0"]
[Round "1"]
1.e4 e5
2.Ng1f3 Nb8c6
3.Bf1b5 d6
4.O-O Bc8g4
5.c3 Ng8f6
6.d4 a6
7.Bb5xc6 bxc6
8.dxe5 Bg4xf3
9.Qd1xf3 dxe5
10.Bc1g5 Bf8d6
11.Nb1d2 O-O
12.Nd2c4 Ra8b8
13.Rf1d1 Qd8e7
14.b3 h6
15.Bg5xf6 gxf6
16.Nc4e3 f5
17.Ne3xf5 Qe7f6
18.Qf3e2 Kh7
19.Qe2xa6 Rb8b6
20.Rd1xd6 cxd6
21.Qa6xb6 d5
22.a4 dxe4
23.Qb6b4 Rf8g8
24.Qb4xe4 Rg8g6
25.Nf5h4 Qf6f4
26.Qe4xf4 exf4
27.Nh4xg6 fxg6
28.a5 g5
29.a6 { resign }
1-0

[Event "Eq:Clubul Central de Sah-Good team : "]
[Site "www.chess-mail.com"]
[Date "2015.11.14"]
[Round "1"]
[White "Andychesston"]
[Black "Rocadamare"]
[WhiteElo "2020"]
[BlackElo "2640"]
[Result "0-1"]
[Round "1"]
1.e4 c5
2.Ng1f3 d6
3.Bf1b5 Nb8d7
4.d4 cxd4
5.Nf3xd4 Ng8f6
6.Nb1c3 a6
7.Bb5a4 e6
8.Bc1g5 b5
9.Ba4b3 b4
10.Nc3e2 Qd8b6
11.Qd1d3 Nd7c5
12.Qd3c4 d5
13.exd5 exd5
14.Bb3a4 Bc8d7
15.Ba4xd7 Kxd7
16.Qc4xc5 Bf8xc5
17.O-O-O Ra8c8
18.Bg5e3 Rh8e8
19.Rd1d2 Qb6c7
20.Kb1 Re8xe3
21.fxe3 Nf6e4
22.Nd4b5 Ne4xd2
23.Kc1 axb5
24.Kxd2 Qc7e5
25.Rh1f1 Bc5xe3
26.Kd1 Rc8xc2
27.Kxc2 Qe5e4
28.Kd1 Qe4d3
{ resign }
0-1

[Event "Eq:Team USA-Los Tercios : "]
[Site "www.chess-mail.com"]
[Date "2015.11.14"]
[Round "1"]
[White "Gatrooper"]
[Black "Shihchuliao"]
[WhiteElo "1510"]
[BlackElo "2050"]
[Result "0-1"]
[Round "1"]
1.e4 e5
2.a3 Ng8f6
3.Nb1c3 a6
4.h3 Bf8c5
5.d3 Nb8c6
6.Bc1e3 Bc5xe3
7.fxe3 O-O
8.Ng1f3 b5
9.d4 d6
10.d5 Nc6e7
11.Nf3g5 h6
12.Ng5f3 Bc8b7
13.b4 c6
14.dxc6 Bb7xc6
15.Bf1d3 Qd8b6
16.Qd1e2 Ra8c8
17.Nf3h4 d5
18.exd5 Nf6xd5
19.Nc3xd5 Bc6xd5
20.e4 Bd5c4
21.Bd3xc4 Rc8xc4
22.g4 Qb6c6
23.Nh4g2 Rc4xe4
24.Ng2e3 Ne7d5
25.O-O Re4xe3
26.Qe2f2 Qc6c3
27.Qf2h2 Re3g3
28.Kh1 Rg3xh3
29.Qh2xh3 Qc3xh3
30.Kg1 Qh3g3
31.Kh1 Nd5e3
32.Rf1g1 Qg3h3
{ resign }
0-1

[Event "Eq:Team USA-Los Tercios : "]
[Site "www.chess-mail.com"]
[Date "2015.11.14"]
[Round "1"]
[White "Shihchuliao"]
[Black "Gatrooper"]
[WhiteElo "2050"]
[BlackElo "1510"]
[Result "1-0"]
[Round "1"]
1.d4 d5
2.Nb1c3 Ng8f6
3.h3 h6
4.Bc1f4 e6
5.g4 Bf8d6
6.e3 Bd6xf4
7.exf4 a6
8.Bf1d3 Nb8c6
9.Ng1f3 Bc8d7
10.Qd1d2 Nc6b4
11.Bd3e2 Nf6e4
12.Nc3xe4 Nb4c6
13.Ne4c5 Bd7c8
14.Nf3e5 Nc6xe5
15.dxe5 b6
16.Nc5b3 c6
17.O-O-O Bc8d7
18.g5 hxg5
19.fxg5 Qd8e7
20.h4 O-O-O
21.Be2xa6 Kc7
22.a3 Rd8a8
23.Qd2d3 Ra8a7
24.Nb3d4 c5
25.Nd4b5 Bd7xb5
26.Ba6xb5 c4
27.Bb5xc4 dxc4
28.Qd3xc4 Kb7
29.Qc4b5 Ra7a5
30.Rd1d7 Kc8
31.Qb5c6 Kb8
32.Qc6b7 { resign }
1-0

[Event "Tourn. n8452"]
[Site "www.chess-mail.com"]
[Date "2015.11.15"]
[Round "1"]
[White "Umzi"]
[Black "Lino"]
[WhiteElo "2140"]
[BlackElo "2249"]
[Result "1-0"]
[Round "1"]
1.e4 c5
2.Ng1f3 Nb8c6
3.d4 cxd4
4.Nf3xd4 Ng8f6
5.Nb1c3 e5
6.Nd4xc6 bxc6
7.a3 Bf8c5
8.Bf1c4 h6
9.O-O O-O
10.Kh1 d6
11.f4 exf4
{ time. }
1-0

[Event "Tourn. n8441"]
[Site "www.chess-mail.com"]
[Date "2015.11.15"]
[Round "1"]
[White "Dulap"]
[Black "Kevinking"]
[WhiteElo "1639"]
[BlackElo "1530"]
[Result "0-1"]
[Round "1"]
1.e4 e6
2.d4 d5
3.Nb1c3 Ng8f6
4.Bc1g5 Bf8e7
5.Ng1f3 dxe4
6.Nc3xe4 Nf6xe4
7.Bg5xe7 Qd8xe7
8.Bf1d3 Ne4f6
9.O-O O-O
10.Rf1e1 a6
11.c4 b6
12.d5 Qe7d6
13.Qd1c2 exd5
14.cxd5 Bc8b7
15.Ra1c1 c5
16.Nf3g5 h6
17.Ng5h7 Nf6xh7
18.Bd3xh7 Kh8
19.Bh7e4 Nb8d7
20.Rc1d1 Nd7f6
21.Be4f3 Rf8e8
22.Re1xe8 Ra8xe8
{ resign }
0-1

[Event "Tourn. n8401"]
[Site "www.chess-mail.com"]
[Date "2015.11.15"]
[Round "1"]
[White "Cathar"]
[Black "Tartan"]
[WhiteElo "2260"]
[BlackElo "2470"]
[Result "1/2-1/2"]
[Round "1"]
1.c4 e6
2.Nb1c3 d5
3.d4 Ng8f6
4.Ng1f3 Bf8e7
5.Bc1f4 c6
6.e3 O-O
7.Qd1c2 Nb8d7
8.h3 Rf8e8
9.Bf1d3 Nd7f8
10.O-O Nf8g6
11.Bf4h2 Be7d6
12.Bh2xd6 Qd8xd6
13.Bd3xg6 hxg6
14.c5 Qd6d8
15.Nf3e5 Nf6d7
16.Ne5xd7 Bc8xd7
17.f4 b6
18.b4 Bd7c8
19.Qc2a4 Bc8b7
20.Ra1b1 Qd8c8
21.Rf1c1 bxc5
22.bxc5 Bb7a6
23.Rb1b2 Ba6c4
24.Rc1b1 Bc4d3
25.Rb1d1 Bd3c4
26.e4 Qc8c7
27.e5 Re8b8
28.Rd1b1 Bc4d3
29.Rb2xb8 Ra8xb8
30.Rb1b3 Bd3c4
31.Rb3xb8 Qc7xb8
32.Qa4c2 Qb8b4
{ draw }
1/2-1/2

[Event "Tourn. n8411"]
[Site "www.chess-mail.com"]
[Date "2015.11.15"]
[Round "1"]
[White "Maredocla"]
[Black "Odin"]
[WhiteElo "1990"]
[BlackElo "1830"]
[Result "1-0"]
[Round "1"]
1.f4 d5
2.Ng1f3 Ng8f6
3.b3 b6
4.Bc1b2 Nb8d7
5.e3 e6
6.Bf1b5 c6
7.Bb5d3 Bf8d6
8.O-O O-O
9.Qd1e1 Rf8e8
10.Qe1h4 h6
11.Nb1c3 Bd6e7
12.Qh4g3 Nf6h5
13.Qg3g4 Nh5f6
14.Qg4h3 Nd7c5
15.Nf3e5 Nc5xd3
16.cxd3 Bc8d7
17.Nc3e2 Nf6h7
18.Ra1b1 f6
19.Ne5g6 e5
20.Qh3g3 Nh7f8
21.fxe5 Nf8xg6
22.Qg3xg6 Re8f8
23.Ne2g3 fxe5
24.Bb2xe5 Be7f6
25.Be5xf6 Rf8xf6
26.Rf1xf6 Qd8xf6
27.Qg6xf6 gxf6
28.Rb1f1 Kf7
29.Ng3h5 f5
30.e4 dxe4
31.dxe4 Kg6
32.Nh5g3 Ra8d8
33.Ng3xf5 Bd7e6
34.Rf1f2 c5
35.g4 b5
36.h3 c4
37.b4 Rd8d3
38.h4 c3
39.dxc3 Rd3xc3
40.Kg2 Rc3c4
41.Nf5xh6 Rc4xe4
42.g5 Re4xh4
43.Rf2f6 Kg7
44.Rf6xe6 Rh4xb4
45.Re6a6 Rb4b2
46.Kf3 b4
47.Ra6xa7 Kg6
48.Ra7a5 b3
49.axb3 Rb2xb3
50.Ke4 Rb3g3
51.Kf4 Rg3g1
52.Nh6g8 Rg1f1
53.Ke3 Kg7
54.Ra5a8 Rf1g1
55.Kf4 Rg1f1
56.Ke5 Rf1f2
57.Ng8e7 Rf2e2
58.Kd6 Re2d2
59.Kc7 Rd2d1
60.g6 Rd1c1
61.Kd8 Rc1d1
62.Ke8 Rd1f1
63.Ra8a4 Rf1f8
64.Kd7 Rf8f1
65.Ra4h4 Rf1d1
66.Ke8 Rd1e1
67.Rh4h7 Kf6
68.Rh7f7 Kg5
69.g7 Re1xe7
70.Rf7xe7 { resign }
1-0

[Event "Tourn. n8440"]
[Site "www.chess-mail.com"]
[Date "2015.11.15"]
[Round "1"]
[White "Naujzaid"]
[Black "Attatroll"]
[WhiteElo "1900"]
[BlackElo "2000"]
[Result "1-0"]
[Round "1"]
1.d4 f5
2.e4 fxe4
3.Nb1c3 g6
4.Nc3xe4 Bf8g7
5.Ng1f3 Ng8f6
6.Bf1d3 O-O
7.Bc1g5 d6
8.Qd1d2 Bc8g4
9.Nf3h4 Nb8c6
10.f3 Nf6xe4
11.Bd3xe4 Bg4f5
12.Nh4xf5 gxf5
13.Be4xc6 bxc6
14.O-O-O Qd8e8
15.Rd1e1 e5
16.h4 Qe8g6
17.h5 Qg6e6
18.g4 Qe6d5
19.Kb1 exd4
20.Re1e7 Qd5xf3
21.Re7xg7 Kxg7
22.Qd2xd4 Kg8
23.Rh1g1 fxg4
24.Rg1xg4 Rf8f7
25.Bg5h6 { resign }
1-0

[Event "Tourn. n8471"]
[Site "www.chess-mail.com"]
[Date "2015.11.15"]
[Round "1"]
[White "Gmscalpel"]
[Black "Seger"]
[WhiteElo "2400"]
[BlackElo "2730"]
[Result "0-1"]
[Round "1"]
1.e4 Nb8c6
2.Ng1f3 e5
3.Bf1b5 a6
4.Bb5a4 Ng8f6
5.d3 b5
6.Ba4b3 Bf8e7
7.Nb1c3 d6
8.O-O Nc6a5
9.Nc3d5 Nf6xd5
10.Bb3xd5 c6
11.Bd5b3 Na5xb3
12.axb3 c5
13.h3 O-O
14.c4 Bc8d7
15.Ra1xa6 Ra8xa6
16.Bc1h6 gxh6
17.Nf3g5 hxg5
18.Qd1g4 Bd7xg4
19.hxg4 bxc4
20.f3 cxd3
21.Kh2 d5
22.exd5 Qd8xd5
23.Kh3 Qd5d4
24.Kg3 f5
25.Kh3 Ra6h6
26.Kg3 f4
{ resign }
0-1